000 01564nam a22004217a 4500
001 000095822
003 CHAP
005 20220329143125.0
008 060529d2001 mx r 00110 spa d
010 _a92288
011 _a93260
035 _a103832
040 _cCHAP
090 _aTesis
100 1 _aRodríguez Martínez, Edgar.
_998676
245 1 0 _aLevantamiento cartográfico de unidades de paisaje y sus cambios bajo escenarios de cambio climático en Sierra Fría, municipio Genaro Codina, Zacatecas /
_c/por Edgar Rodríguez Martínez.
260 _aChapingo, Méx. :
_bEl autor,
_c2001.
300 _a109 h.
502 _aTesis (Ing. en Recursos Naturales Renovables) - - UACH. Departamento de Suelos
590 _aALEPH
_b10
_c20130110
_lUCH01
_h1512
590 _aBATCH-UPD
_b10
_c20130110
_lUCH01
_h0732
590 _aBATCH-UPD
_b10
_c20130410
_lUCH01
_h0415
590 _aBATCH-UPD
_b10
_c20130914
_lUCH01
_h1855
590 _aBATCH-UPD
_b10
_c20140324
_lUCH01
_h1457
590 _aBATCH-UPD
_b10
_c20141002
_lUCH01
_h0830
590 _aCONVERSION
_b10
_c20130109
_lUCH01
_h1351
590 _aE5765TAJ
_b10
_c20130610
_lUCH01
_h1341
650 1 4 _aPaisaje.
_984761
650 1 4 _aRecursos naturales
_xZacatecas.
_995325
650 1 4 _aRecursos renovables.
_995336
856 _3Finding aid
_uhttp://10.13.5.2/tesis/103832.pdf
_zTeclea aquí
901 _aBK
905 _aLilia
942 _cCD
942 _n0
949 _aTesis
_bBC
_cTES
_d00000001038321
_eTS1
_h45327
_i103832
_sb
949 _aTesis
_bBC
_cTES
_d33724000988259
_eTS2
_fc.2
_h45328
_i103832
_sb
999 _c92288
_d92288